the provlems related to the transfer of ownership of parces located in spean thma commune, kandal stueng district, kandal province (ផលប៉ះពាល់នៃការផ្ទេរសិទ្ធិលើអចលវត្ថុចំពោះដីធ្លីដែលមានប័ណ្ណកម្មសិទ្ធិរបស់ប្រជាពលរដ្ឋ នៅឃុំស្ពានថ្ម ស្រុកកណ្តាលស្ទឹង ខេត្តកណ្តាល) (Record no. 5422)
[ view plain ]
| 000 -LEADER | |
|---|---|
| fixed length control field | 00865nam a22001577a 4500 |
| 003 - CONTROL NUMBER IDENTIFIER | |
| control field | OSt |
| 005 - DATE AND TIME OF LATEST TRANSACTION | |
| control field | 20151231090928.0 |
| 008 - FIXED-LENGTH DATA ELEMENTS--GENERAL INFORMATION | |
| fixed length control field | 151231b xxu||||| |||| 00| 0 eng d |
| 040 ## - CATALOGING SOURCE | |
| Transcribing agency | RUA |
| 082 ## - DEWEY DECIMAL CLASSIFICATION NUMBER | |
| Classification number | LMA YOT 2007 B295 Or.1 |
| 100 ## - MAIN ENTRY--PERSONAL NAME | |
| 9 (RLIN) | 5823 |
| Personal name | YOT, PAIYNA. |
| 245 ## - TITLE STATEMENT | |
| Title | the provlems related to the transfer of ownership of parces located in spean thma commune, kandal stueng district, kandal province (ផលប៉ះពាល់នៃការផ្ទេរសិទ្ធិលើអចលវត្ថុចំពោះដីធ្លីដែលមានប័ណ្ណកម្មសិទ្ធិរបស់ប្រជាពលរដ្ឋ នៅឃុំស្ពានថ្ម ស្រុកកណ្តាលស្ទឹង ខេត្តកណ្តាល) |
| 260 ## - PUBLICATION, DISTRIBUTION, ETC. (IMPRINT) | |
| Place of publication, distribution, etc. | Phnom Penh |
| Name of publisher, distributor, etc. | RUA |
| Date of publication, distribution, etc. | 2007 |
| 300 ## - PHYSICAL DESCRIPTION | |
| Extent | xi, 47p. |
| Other physical details | ill. |
| Dimensions | 29cm. |
| 942 ## - ADDED ENTRY ELEMENTS (KOHA) | |
| Source of classification or shelving scheme | |
| Koha item type | LMA |
| Price effective from | Date last seen | Permanent Location | Not for loan | Date acquired | Source of classification or shelving scheme | Koha item type | Lost status | Withdrawn status | Date last checked out | Total Checkouts | Shelving location | Damaged status | Barcode | Current Location | Full call number |
|---|---|---|---|---|---|---|---|---|---|---|---|---|---|---|---|
| 2015-12-31 | 2015-12-31 | Library Block B | 2015-12-31 | LMA | B295 | RUA016077 | Library Block B | LMA YOT 2007 B295 Or.1 | |||||||
| 2015-12-31 | 2015-12-31 | Library Block B | 2015-12-31 | LMA | B295 | RUA016149 | Library Block B | LMA YOT 2007 B295 Or.2 | |||||||
| 2015-12-31 | 2024-06-27 | Library Block B | 2015-12-31 | LMA | 2024-05-13 | 1 | B295 | RUA025427 | Library Block B | LMA YOT 2007 B295 Or.3 | |||||
| 2015-12-31 | 2015-12-31 | Library Block B | 2015-12-31 | LMA | B295 | RUA025273 | Library Block B | LMA YOT 2007 B295 Or.4 | |||||||
| 2015-12-31 | 2017-08-26 | Library Block B | 2015-12-31 | LMA | 2017-02-15 | 1 | B295 | RUA025051 | Library Block B | LMA YOT 2007 B295 Or.5 | |||||
| 2016-01-27 | 2016-07-15 | Library Block B | 2016-01-27 | LMA | 2016-06-30 | 1 | B295 | rua051683 | Library Block B | LMA YOT 2007 B295 Or.6 | |||||
| 2016-01-27 | 2016-01-27 | Library Block B | 2016-01-27 | LMA | B295 | rua051068 | Library Block B | LMA YOT 2007 B295 Or.7 |